00546nam a2200157Ia 450000100060000000800390000608200110004510000150005624501270007125000110019826000460020930000180025565300130027365300870028665300150037366208231109n ii |||gr||||Z||||||asm a891.41 aNath, B K. 0aBishanath Jilar Chah Jonogyotishar Lok sakalar Kathet Bhasar Ruprekha : Ati AdhyancBy Bijit Kumar NathhTextual Documents aFirst. aBishanath Chareli:bAkshas offset,c2022. a150pg:c23cm. aAssamese aBishanath Jilar Chah Jonogyotishar Lok sakalar Kathet Bhasar Ruprekha : Ati Adhyan aG-Gift Alm